Problems of residential students in a secondary technical school /
Saved in:
| 主要作者: | |
|---|---|
| 格式: | Thesis 圖書 |
| 語言: | English |
| 出版: |
1985.
|
| 主題: | |
| 標簽: |
添加標簽
沒有標簽, 成為第一個標記此記錄!
|
| LEADER | 01293cam a2200325 4500 | ||
|---|---|---|---|
| 001 | u49624 | ||
| 003 | SIRSI | ||
| 008 | 870316s1985 my bt 00 1 eng m | ||
| 035 | |a AAF-3415 | ||
| 040 | |a UMM | ||
| 043 | |a a-my--- | ||
| 090 | |a LB3607 |b Sel | ||
| 091 | |a Microfiche 9679 | ||
| 100 | 1 | 0 | |a Selvadurai, Sivagnanachelvi. |
| 245 | 1 | 0 | |a Problems of residential students in a secondary technical school / |c by Sivagnanachelvi Selvadurai. |
| 260 | |c 1985. | ||
| 300 | |a vii, 107 leaves ; |c 28 cm. | ||
| 500 | |a Photocopy. | ||
| 500 | |a Also available on microfiche. Kuala Lumpur : Perpustakaan universiti Malaya, 1986. 2 microfiches : negative ; 11 x 15 cm. | ||
| 502 | |a Dissertation (M.Ed.) -- Fakulti Pendidikan, Universiti Malaya, 1985. | ||
| 504 | |a Bibliography: leaves 38-92. | ||
| 650 | 0 | |a Residence and education. | |
| 650 | 0 | |a Technical education |z Malaysia. | |
| 650 | 0 | |a Boarding schools |z Malaysia. | |
| 710 | 2 | 0 | |a Universiti Malaya. |b Fakulti Pendidikan. |
| 948 | |a 16/03/1991 |b 10/07/1995 | ||
| 596 | |a 1 8 | ||
| 999 | |a LB3607 SEL |w LC |c 1 |i A010056754 |d 23/4/2002 |l STACKS |m P01UTAMA |n 3 |r Y |s Y |t TESIS |u 24/12/1991 | ||
| 999 | |a LB3607 SEL |w LC |c 1 |i A506699336 |l STACKS |m P08PENDIDI |r Y |s Y |t TESIS |u 7/10/1997 | ||
| 999 | |a LB3607 SEL |w LC |c 2 |i A506699345 |l STACKS |m P08PENDIDI |r Y |s Y |t TESIS |u 7/10/1997 | ||
